Общие и региональные проблемы минералогии (Запись № 11408585)
[ простой вид ]
| 000 -МАРКЕР | |
|---|---|
| контрольное поле | 01893nam1a2200265 i 4500 |
| 001 - ИДЕНТИФИКАТОР ЗАПИСИ | |
| контрольное поле | RU\NLR\BIBL_A\011705630 |
| 005 - ИДЕНТИФИКАТОР ВЕРСИИ | |
| контрольное поле | 20260408111950.0 |
| 035 ## - ДРУГИЕ СИСТЕМНЫЕ НОМЕРА | |
| Идентификатор записи | (NLR Aleph) 011705630 |
| 100 ## - ДАННЫЕ ОБЩЕЙ ОБРАБОТКИ | |
| Данные общей обработки | 20180420g20179999k y0rusy50 ca |
| 101 0# - ЯЗЫК РЕСУРСА | |
| Язык текста, звукозаписи и т.д. | русский |
| Язык резюме | английский |
| 102 ## - СТРАНА ПУБЛИКАЦИИ ИЛИ ПРОИЗВОДСТВА | |
| Страна публикации | Российская Федерация |
| 105 ## - ПОЛЕ КОДИРОВАННЫХ ДАННЫХ: ТЕКСТОВЫЕ МАТЕРИАЛЫ, МОНОГРАФИЧЕСКИЕ | |
| Кодированные данные о монографическом текстовом документе | z |
| 200 1# - ЗАГЛАВИЕ И СВЕДЕНИЯ ОБ ОТВЕТСТВЕННОСТИ | |
| Основное заглавие | Общие и региональные проблемы минералогии |
| Сведения, относящиеся к заглавию | [Всероссийская юбилейная научная конференция с международным участием, 17-19 мая 2017 г. |
| -- | сборник материалов] |
| Первые сведения об ответственности | Российское минералогическое общество, Томское отделение, Томский государственный архитектурно-строительный университет |
| Последующие сведения об ответственности | [редакционная коллегия: А.В. Мананков (гл. редактор) и др.] |
| 210 ## - ПУБЛИКАЦИЯ, РАСПРОСТРАНЕНИЕ И ДР. | |
| Место издания, распространения и т.д. | Томск |
| Имя издателя, распространителя и т. д. | Красное знамя - филиал ФГБУ "РЭА" Минэнерго России |
| Дата издания, распространения и т.д. | 2017 |
| 215 ## - ФИЗИЧЕСКАЯ ХАРАКТЕРИСТИКА | |
| Размеры | 21 |
| 606 ## - НАИМЕНОВАНИЕ ТЕМЫ КАК ПРЕДМЕТ | |
| Наименование темы | Минералогия |
| Формальный подзаголовок | Съезды, совещания и т.п |
| Системный номер авторитетной/нормативной записи | 2076039 |
| Идентификатор авторитетной/нормативной записи | RU\NLR\AUTH\661251144 |
| 686 1# - ИНДЕКСЫ ДРУГИХ КЛАССИФИКАЦИЙ | |
| Индекс | Д33я431(2) |
| 702 #1 - ИМЯ ЛИЦА - ВТОРИЧНАЯ ОТВЕТСТВЕННОСТЬ | |
| Начальный элемент ввода | Мананков |
| Часть имени, кроме начального элемента ввода | А.В. |
| Даты | 1939- |
| Расширение инициалов личного имени | Анатолий Васильевич |
| Код отношения | Редактор |
| 711 12 - НАИМЕНОВАНИЕ ОРГАНИЗАЦИИ - АЛЬТЕРНАТИВНАЯ ОТВЕТСТВЕННОСТЬ | |
| Начальный элемент ввода | "Общие и региональные проблемы минералогии", всероссийская юбилейная научная конференция с международным участием |
| Место проведения временной организации | Томск |
| Дата проведения временной организации | 2017 |
| Системный номер авторитетной/нормативной записи | 601548 |
| Идентификатор авторитетной/нормативной записи | RU\NLR\AUTH\880469827 |
| 712 02 - НАИМЕНОВАНИЕ ОРГАНИЗАЦИИ - ВТОРИЧНАЯ ОТВЕТСТВЕННОСТЬ | |
| Код отношения | Прочие |
| Начальный элемент ввода | Российское минералогическое общество |
| Идентифицирующий признак | Санкт-Петербург |
| Структурное подразделение | Томское отделение |
| Идентификатор авторитетной/нормативной записи | RU\NLR\AUTH\880359059 |
| Системный номер авторитетной/нормативной записи | 385503 |
| 852 ## - МЕСТОНАХОЖДЕНИЕ И ШИФР ХРАНЕНИЯ | |
| Идентификатор организации | NLR |
| Шифр хранения (Call Number) | 2018-3/11305 |
| 942 ## - ДОПОЛНИТЕЛЬНЫЕ ЭЛЕМЕНТЫ ЗАПИСИ (АБИС) | |
| Тип экземпляра АБИС | Книга |
Нет доступных экземпляров.